| 000 | 01660cam a2200265 a 4500 | ||
|---|---|---|---|
| 001 | 18589474 | ||
| 003 | OSt | ||
| 005 | 20160817140413.0 | ||
| 008 | 880921s1989 enkaf b 001 0 eng | ||
| 020 | _a0192158872 | ||
| 020 | _a9780192158871 | ||
| 040 |
_aDLC _beng _cDLC _dUKM _dMUQ _dBAKER _dBTCTA _dYDXCP _dDEBBG _dTULIB _dIDA _dGBVCP _dOCLCO |
||
| 043 | _aa-cc--- | ||
| 100 | 1 | _aGittings, John. | |
| 245 | 1 | 0 |
_aChina changes face : _bthe road from revolution, 1949-1989 / _cJohn Gittings. |
| 260 |
_aOxford ; _aNew York : _bOxford University Press, _c1989. |
||
| 300 |
_axiv, 290 p., [16] p. of plates : _bill. ; _c23 cm. |
||
| 500 | _aIncludes indexes. | ||
| 504 | _aBibliography: p. [275]-278. | ||
| 505 | 0 | _aAfter the revolution: the two roads -- Search for socialism: from liberation to utopia -- Leadership from above: Maoism, centralism, and intrigue -- The rebel alternative: from 1919 to the Red Guards -- Second Cultural Revolution: the abortive Great Debate -- Economics in command: the modernization of China -- Peasant China transformed: the rise of rural enterprise -- The growth of dissent: poets and democracy -- The Party under pressure: reform and reaction -- The scholars speak out: humanism or bourgeois liberalism? -- The door opens wide: China and the world economy -- China's new face: the end of ideology. | |
| 651 | 0 |
_aChina _xHistory _y1949- |
|
| 776 | 0 | 8 |
_iOnline version: _aGittings, John. _tChina changes face. _dOxford ; New York : Oxford University Press, 1989 _w(OCoLC)598328633 |
| 776 | 0 | 8 |
_iOnline version: _aGittings, John. _tChina changes face. _dOxford ; New York : Oxford University Press, 1989 _w(OCoLC)607851973 |
| 942 |
_2lcc _cBK |
||
| 999 |
_c40031 _d40031 |
||